000 00202nam a2200085Ia 4500
008 120527s9999 xx 000 0 und d
100 _aAufmann & barker
245 _aBasic college mathematics
942 _cBK
999 _c27798
_d27798